000 00901nam a22002895i 4500
001 11404
003 ES-MaACL
005 20250801100232.0
007 t|
008 921211s1992 sp ||||0| spa j
020 _a84-7100-243-4
040 _aM-BN
_bspa
_cM-BN
080 _a9(=924:469)
100 1 _aPimenta Ferro Tavares, Maria José.
_992047
245 1 4 _aLos judíos en Portugal /
_cMaria José Pimenta Ferro Tavares ; [traducción, Mario Merlino].
260 _aMadrid :
_bMAPFRE,
_c[1992]
300 _a393 p ;
_c23 cm.
490 1 _aColección Sefarad ;
_v4
500 _aIndice.
500 _aBibliografía: p. [359]-373.
650 4 _aJudíos-
_zPortugal-
_xHistoria.
_914005
700 1 _aMerlino, Mario,
_d1948-2009
_980578
830 0 0 _aColección Sefarad
_v4
_9179051
852 _aES-MaACL
_jL-18729
_bR.124133
999 _c11404
_d11404